| 000 | 00901cai a22001935a 4500 | ||
|---|---|---|---|
| 001 | L145867 | ||
| 008 | 081117u xxkao g 000 0 eng d | ||
| 035 | _a(Sirsi) u145867 | ||
| 041 | 0 | _aeng | |
| 110 | 2 |
_aNational Association of Realtors _9895 |
|
| 245 | 0 | 0 |
_aNational Association of Realtors _h[electronic resource] |
| 520 | _aOfficial website for the United States organisation the National Association of Realtors (NAR). Provides information for residential property buyers and sellers, as well as a range of research and articles that will be of use to those working in the residential real estate sector. | ||
| 520 | _aThe consumer portal for the NAR may also be of interest (see WS108075). | ||
| 590 | _aKA | ||
| 651 | 4 |
_aUnited States _y1959- |
|
| 690 | _aPROPERTY-PROPERTY AGENCY | ||
| 856 | 4 | 0 |
_uhttps://www.realtor.org/ _zView the website free of charge at www.realtor.org... |
| 942 | _n0 | ||
| 999 |
_c120730 _d120730 |
||